000 00944aam a2200313a 44500
008 930106s1991 cat
017 _aB-4792-1991
020 _a8439315929
041 _acat
041 _bspa
080 _a34(038)
100 _aBroto i Ribas, P. de
_966172
245 _aVocabulari bàsic per als jutjats = Vocabulario básico para los juzgados
_cPilar de Broto i Ribas
260 _a[Barcelona]
_bGeneralitat de Catalunya. Direcció General de Relacions amb l'Administració de Justícia
_c1991
300 _a131 p.
_c21 cm
500 _aCategoria gramatical
520 _aaprox. 1600
591 _a3039
592 _aObra terminològica
593 _aME
594 _a3039
650 _aadministració de justícia
_961982
650 _allenguatge jurídic
_960549
901 _c<1991>
902 _a930106
942 _cMO
_n0
_2ddc
999 _c55166
_d55166